[Event "Mechanics' Shipman TNM; G/2 d/5"]
[Site "San Francisco"]
[Date "2018.09.11"]
[Round "6.8"]
[White "Lavi, Eilon"]
[Black "Ricard, Bruce"]
[Result "1-0"]
[WhiteElo "2038"]
[BlackElo "1920"]
[Annotator "Winslow,Elliott"]
[PlyCount "79"]
[EventDate "2018.??.??"]
[Source "ChessBase"]
[SourceDate "2007.09.04"]

1. e4 c6 2. d4 d5 3. Nc3 dxe4 4. Nxe4 Bf5 5. Ng3 Bg6 6. h4 h6 7. Nf3 Nd7 8. h5
Bh7 9. Bd3 Bxd3 10. Qxd3 e6 11. Bf4 Qa5+ 12. c3 Ngf6 13. Ne5 Rd8 14. Nc4 Qd5
15. Ne3 Qa5 16. b4 Qb5 17. Qxb5 cxb5 18. Ke2 Nb6 19. Bc7 Rc8 20. Bxb6 axb6 21.
Kd3 Bd6 22. a4 bxa4 23. Rxa4 Kd7 24. Ne2 Ra8 25. Nc4 Bc7 26. Rxa8 Rxa8 27. b5
Ra2 28. f3 Ne8 29. Rd1 Nd6 30. Nxd6 Bxd6 31. g4 Rb2 32. c4 Bb4 33. Rc1 Kd6 34.
Rc2 Rb3+ 35. Ke4 Be1 36. Nc1 Ra3 37. Nd3 f5+ 38. gxf5 exf5+ 39. Ke3 Bf2+ $4 (
39... Bh4 40. c5+ Kc7 41. c6 Bg5+ 42. f4 Be7 $11) 40. Rxf2 1-0

[Event "Mechanics' Spring TNM; G/2 d5"]
[Site "San Francisco"]
[Date "2018.05.08"]
[Round "8.44"]
[White "Lepera, Joseph"]
[Black "Allen, Tom Carter"]
[Result "0-1"]
[WhiteElo "422"]
[BlackElo "1400"]
[PlyCount "50"]
[EventDate "2018.??.??"]
[Source "ChessBase"]
[SourceDate "2007.09.04"]

1. e4 e5 2. Nf3 Nc6 3. Bc4 Nf6 4. Nc3 Bb4 5. a3 Bxc3 6. bxc3 Nxe4 7. Qe2 Nf6 8.
d3 O-O 9. O-O d5 10. Bb3 Bg4 11. h3 Bh5 12. Bg5 Qd6 13. Rfe1 Rfe8 14. c4 Nd4
15. Nxd4 Bxe2 16. Nxe2 c6 17. d4 exd4 18. Bf4 Qd7 19. Rad1 Qf5 20. g3 Qxh3 21.
f3 Nh5 22. Rxd4 Nxf4 23. Rxf4 Rxe2 24. Rxe2 Qxg3+ 25. Rg2 Qxf4 0-1

[Event "Mechanics' Shipman TNM; G/2 d/5"]
[Site "San Francisco"]
[Date "2018.08.14"]
[Round "2.12"]
[White "Lesquillier, Walter"]
[Black "Anderson, Michael"]
[Result "1-0"]
[WhiteElo "1671"]
[BlackElo "1903"]
[PlyCount "67"]
[EventDate "2018.??.??"]
[Source "ChessBase"]
[SourceDate "2007.09.04"]

1. d4 f5 2. g3 Nf6 3. Bg2 g6 4. c4 Bg7 5. Nf3 O-O 6. Nc3 d6 7. O-O c6 8. Qc2
Na6 9. Bg5 Nc7 10. Rac1 Ne6 11. Bxf6 Bxf6 12. d5 cxd5 13. Nxd5 Bg7 14. e3 Bd7
15. Rfd1 Rc8 16. b3 Nc7 17. Qd2 Ne6 18. h4 Nc5 19. Ne1 Ne4 20. Qd3 Nc5 21. Qd2
Bc6 22. Nc3 Ne4 23. Bxe4 fxe4 24. Qc2 Qd7 25. Qe2 Be5 26. Ng2 Qh3 27. Nd5 Bxd5
28. cxd5 Rcd8 29. Nf4 Bxf4 30. exf4 Qf5 31. Rc4 Rf6 32. Qxe4 Qg4 33. Re1 h6 34.
Kg2 {The remaining moves are illegible. White won.} 1-0

[Event "Mechanics' Spring TNM; G/2 d5"]
[Site "San Francisco"]
[Date "2018.04.24"]
[Round "6.12"]
[White "Lesquillier, Walter"]
[Black "Boldi, Ethan"]
[Result "0-1"]
[WhiteElo "1749"]
[BlackElo "1997"]
[PlyCount "94"]
[EventDate "2018.??.??"]
[Source "ChessBase"]
[SourceDate "2007.09.04"]

1. Nf3 e6 2. c4 d5 3. e3 Nf6 4. b3 c5 5. Bb2 Nbd7 6. Nc3 a6 7. Be2 Be7 8. O-O
O-O 9. Qc2 Re8 10. Rfd1 Nf8 11. d4 cxd4 12. Nxd4 Qc7 13. Rac1 dxc4 14. Ne4 b5
15. Nxf6+ Bxf6 16. bxc4 bxc4 17. Qxc4 Qxc4 18. Bxc4 Bb7 19. Ba3 Ng6 20. Be2 e5
21. Nb3 Red8 22. Rxd8+ Rxd8 23. Rd1 Rc8 24. Rc1 Rb8 25. Bd6 Rd8 26. Bb4 e4 27.
Rd1 Re8 28. Nc5 Bc6 29. Nxa6 Ra8 30. a3 Ne5 31. Nc7 Rc8 32. Nb5 Rb8 33. Nd4 Ba4
34. Rc1 Nd3 35. Bxd3 exd3 36. Kf1 Bxd4 37. exd4 Re8 38. d5 h6 39. d6 Re2 40.
Rd1 Re8 41. Rc1 Bb5 42. Kg1 Kh7 43. g3 Ba4 44. Rc7 Re4 45. Rxf7 $4 {Diagram [#]
} (45. Bd2 $14) 45... Rxb4 46. d7 (46. axb4 d2 $19) 46... Rd4 47. Rf4 Rxd7 0-1

[Event "Mechanics' Spring TNM; G/2 d5"]
[Site "San Francisco"]
[Date "2018.04.10"]
[Round "4.15"]
[White "Lesquillier, Walter"]
[Black "Gomboluudev, Enkhjin"]
[Result "1-0"]
[WhiteElo "1749"]
[BlackElo "1712"]
[PlyCount "53"]
[EventDate "2018.??.??"]
[Source "ChessBase"]
[SourceDate "2007.09.04"]

1. e4 e6 2. d4 d5 3. Nd2 dxe4 4. Nxe4 Nd7 5. Nf3 Ngf6 6. Nxf6+ Nxf6 7. Bd3 c5
8. O-O b6 9. Bg5 h6 10. Bxf6 Qxf6 11. Bb5+ Ke7 12. dxc5 bxc5 13. Qd2 e5 14.
Nxe5 Qd6 15. Qxd6+ Kxd6 16. Nxf7+ Ke7 17. Nxh8 Kf6 18. Bc4 Rb8 19. Nf7 Be6 20.
Ne5 $1 Rxb2 21. Bxe6 Kxe6 22. Rfe1 Kf5 23. g4+ Kg5 24. h4+ Kf6 25. Nd7+ Kf7 26.
Nxf8 Kxf8 27. c3 1-0

[Event "Mechanics' Winter TNM; G/2 d5"]
[Site "San Francisco"]
[Date "2018.02.27"]
[Round "8.38"]
[White "Lesquillier, Walter"]
[Black "Hilliard, Michael"]
[Result "1-0"]
[WhiteElo "1749"]
[BlackElo "1455"]
[PlyCount "55"]
[EventDate "2018.??.??"]
[Source "ChessBase"]
[SourceDate "2007.09.04"]

1. Nf3 d5 2. d4 Nf6 3. c4 c6 4. Nc3 e6 5. Bg5 Nbd7 6. e3 Bd6 (6... Qa5) (6...
Be7) 7. Be2 (7. Bd3) 7... O-O 8. O-O Re8 9. h3 dxc4 10. Bxc4 b5 11. Be2 Qc7 12.
Rc1 b4 13. Nb5 Qb8 14. Nxd6 Qxd6 15. Bf4 Qe7 16. Rxc6 Bb7 17. Rc1 Nd5 18. Bg3
N7f6 19. Nd2 Rad8 20. Bb5 Nd7 21. Nc4 a6 22. Ba4 f6 23. Nd6 N7b6 24. Nxe8 Nxa4
25. Nxf6+ gxf6 26. Qxa4 Qg7 27. e4 Ne3 28. Rfe1 1-0

[Event "Mechanics' Shipman TNM; G/2 d/5"]
[Site "San Francisco"]
[Date "2018.08.28"]
[Round "4.16"]
[White "Lesquillier, Walter"]
[Black "McKellar, Daniel"]
[Result "1/2-1/2"]
[WhiteElo "1671"]
[BlackElo "1879"]
[PlyCount "57"]
[EventDate "2018.??.??"]
[Source "ChessBase"]
[SourceDate "2007.09.04"]

1. c4 Nf6 2. Nc3 g6 3. Nf3 c5 4. e4 Bg7 5. d4 cxd4 6. Nxd4 Nc6 7. Be3 Ng4 8.
Qxg4 Nxd4 9. Qd1 e5 10. Bd3 d6 11. O-O O-O 12. Bxd4 exd4 13. Ne2 Qb6 14. Qd2
Be6 15. Rad1 Rac8 16. b3 Bg4 17. f3 Be6 18. Kh1 Qc5 19. Bb1 b5 20. cxb5 Rfd8
21. Nxd4 Bxd4 22. Qxd4 Qxb5 23. Rc1 Qe2 24. Rfe1 Qa6 25. Qd2 d5 26. Rxc8 Qxc8
27. Rc1 Qb8 28. exd5 Rxd5 29. Qf2 1/2-1/2

[Event "Mechanics' Spring TNM; G/2 d5"]
[Site "San Francisco"]
[Date "2018.03.27"]
[Round "2.4"]
[White "Lesquillier, Walter"]
[Black "Shaw, Tenzing"]
[Result "0-1"]
[WhiteElo "1749"]
[BlackElo "2303"]
[PlyCount "58"]
[EventDate "2018.??.??"]
[Source "ChessBase"]
[SourceDate "2007.09.04"]

1. d4 g6 2. e4 Bg7 3. Nf3 d6 4. c4 Nf6 5. Nc3 O-O 6. Be2 e5 7. d5 a5 8. O-O Na6
9. Bg5 h6 10. Be3 Ng4 11. Qd2 f5 12. h3 Nxe3 13. fxe3 Nc5 14. Bd3 f4 15. Bc2 g5
16. Nh2 Bd7 17. Ne2 h5 18. Rab1 Qe8 19. Nc3 Rf6 20. Rbe1 Qe7 21. Bd1 Raf8 22.
Qe2 Rh6 23. g4 hxg4 24. hxg4 Bf6 25. Rf2 Qh7 26. Rg2 Bd8 27. Rf1 c6 28. Bc2 Bb6
29. Nd1 Kg7 0-1

[Event "Mechanics' Spring TNM; G/2 d5"]
[Site "San Francisco"]
[Date "2018.05.01"]
[Round "7.3"]
[White "Lewis, Edward"]
[Black "Stearman, Josiah P"]
[Result "1-0"]
[WhiteElo "1983"]
[BlackElo "2395"]
[PlyCount "91"]
[EventDate "2018.??.??"]
[Source "ChessBase"]
[SourceDate "2007.09.04"]

1. Nf3 d5 2. c4 c6 3. e3 Nf6 4. b3 g6 5. Bb2 Bg7 6. Be2 O-O 7. O-O a6 8. d4
dxc4 9. bxc4 b5 10. Nbd2 Nbd7 11. a4 b4 12. Nb3 a5 13. Qc2 Qc7 14. c5 Re8 15.
Bc4 Nf8 16. Nbd2 Nd5 17. g3 Be6 18. Ng5 Qd7 19. Nxe6 Nxe6 20. Rad1 Red8 21. Nf3
Rab8 22. Bb3 h6 23. Rfe1 g5 24. e4 Nc3 25. e5 g4 26. Nh4 Nxd1 27. Rxd1 Ng5 28.
d5 cxd5 29. c6 Qc7 30. e6 Nxe6 31. Nf5 d4 32. Qe4 Ng5 33. Qxg4 e6 34. Nxg7 Kxg7
35. h4 f5 36. Qe2 Ne4 37. Rxd4 Rxd4 38. Bxd4+ e5 39. Be3 Qxc6 40. Qd3 Nd6 41.
Bd5 Qc7 42. Qd2 b3 43. Bxh6+ Kh7 44. Qg5 b2 45. Qh5 b1=Q+ 46. Bc1+ 1-0

[Event "Mechanics' Spring TNM; G/2 d5"]
[Site "San Francisco"]
[Date "2018.04.17"]
[Round "5.3"]
[White "Lewis, Edward Mich"]
[Black "Chambers, Ezra Pau"]
[Result "1-0"]
[WhiteElo "1983"]
[BlackElo "2277"]
[PlyCount "62"]
[EventDate "2018.??.??"]
[Source "ChessBase"]
[SourceDate "2007.09.04"]

1. d4 d5 2. Nf3 Nf6 3. Nbd2 c5 4. c3 Nc6 5. e3 e6 6. Bd3 cxd4 7. exd4 Bd6 8.
Qe2 Qc7 9. Nf1 O-O 10. Bg5 Ne4 11. Ng3 f5 12. Bd2 Qb6 13. b3 Bd7 14. O-O Rad8
15. Qd1 e5 16. dxe5 Nxe5 17. Nxe5 Bxe5 18. Rc1 Nxg3 19. hxg3 Bxg3 20. Qf3 Bb8
21. Qxd5+ Be6 22. Qf3 Qc7 23. g3 Qf7 24. c4 Rd7 25. Rcd1 b5 26. Bb4 Re8 27.
Rfe1 bxc4 28. Rxe6 cxd3 29. Rxe8+ Qxe8 30. Rxd3 f4 31. g4 h5 {
Scoresheet flakes out -- White won in [%emt 0:00:36]} 1-0

[Event "Mechanics' Spring TNM; G/2 d5"]
[Site "San Francisco"]
[Date "2018.03.27"]
[Round "2.10"]
[White "Lewis, Edward Mich"]
[Black "Cortinas, Martin A"]
[Result "1/2-1/2"]
[WhiteElo "1983"]
[BlackElo "1692"]
[PlyCount "66"]
[EventDate "2018.??.??"]
[Source "ChessBase"]
[SourceDate "2007.09.04"]

1. d4 f5 2. Nf3 Nf6 3. c4 g6 4. Nc3 Bg7 5. g3 d6 6. Bg2 O-O 7. O-O c6 8. Qc2
Qe8 9. d5 e5 10. dxe6 Bxe6 11. Qd3 d5 12. cxd5 Nxd5 13. Ng5 Nxc3 14. bxc3 Nd7
15. Ba3 Rf6 16. Bd6 h6 17. Nf3 Bd5 18. Ba3 Nb6 19. Rfe1 Re6 20. e3 Nc4 21. Bc5
Bxf3 22. Qxc4 Bxg2 23. Kxg2 b6 24. Bd4 c5 25. Bxg7 Kxg7 26. Rad1 Qc6+ 27. f3
Rd6 28. Qf4 Rad8 29. Rxd6 Qxd6 30. Qc4 Qd3 31. Qf4 Rd7 32. Qe5+ Kf7 33. Kf2 Qd5
1/2-1/2

[Event "Mechanics' Spring TNM; G/2 d5"]
[Site "San Francisco"]
[Date "2018.04.03"]
[Round "3.14"]
[White "Lewis, Edward Mich"]
[Black "Quang, Danny"]
[Result "1-0"]
[WhiteElo "1983"]
[BlackElo "1702"]
[PlyCount "59"]
[EventDate "2018.??.??"]
[Source "ChessBase"]
[SourceDate "2007.09.04"]

1. Nf3 Nf6 2. c4 g6 3. g3 Bg7 4. Bg2 d6 5. d4 O-O 6. O-O c6 7. Nc3 Bg4 8. h3
Bd7 9. e4 Qc8 10. Kh2 Rd8 11. Be3 c5 12. d5 e5 13. Qd2 Na6 14. Ng1 Nc7 15. a4
Rf8 16. Nce2 Nfe8 17. f4 f5 18. exf5 Bxf5 19. Rae1 a6 20. fxe5 Bxe5 21. Bf4
Bxf4 22. Qxf4 Rf6 23. Qg5 Qd8 24. Nf4 Rf8 25. Qh6 Ng7 26. g4 Bd7 27. Nf3 Nce8
28. Ng5 Nf6 {Diagram [#]} 29. Nxg6 $1 Re8 30. Rxf6 1-0

[Event "Mechanics' Shipman TNM; G/2 d/5"]
[Site "San Francisco"]
[Date "2018.08.21"]
[Round "3.35"]
[White "Lilles, Alex"]
[Black "Cole, Tony"]
[Result "1-0"]
[WhiteElo "1619"]
[BlackElo "1400"]
[PlyCount "69"]
[EventDate "2018.??.??"]
[Source "ChessBase"]
[SourceDate "2007.09.04"]

1. e4 e6 2. d4 d5 3. Nc3 Nc6 4. Nf3 Nf6 5. e5 Nd7 6. a3 h6 7. Bd3 Be7 8. O-O g5
9. h3 Nf8 10. Ne2 h5 11. Nh2 f6 12. exf6 Bxf6 13. c3 Qe7 14. Ng3 Qf7 15. Re1
Bd7 16. b4 O-O-O 17. a4 Nxd4 18. cxd4 Bxd4 19. Ra2 Bc3 20. Bd2 Bd4 21. Bxg5 Re8
22. Bb5 e5 23. Qf3 Qe6 24. Bxd7+ Nxd7 25. Ne2 Qd6 26. Nxd4 exd4 27. Rae2 Rxe2
28. Qxe2 b6 29. b5 Qb4 30. Rc1 Qxa4 31. Bf4 Nc5 32. Qe7 Kb8 33. Rxc5 bxc5 34.
Qxc7+ Ka8 35. Qc6# 1-0

[Event "Mechanics' Shipman TNM; G/2 d/5"]
[Site "San Francisco"]
[Date "2018.09.11"]
[Round "6.31"]
[White "Lilles, Alex"]
[Black "Simpkins, Jerry"]
[Result "1-0"]
[WhiteElo "1619"]
[BlackElo "1565"]
[Annotator "Winslow,Elliott"]
[PlyCount "67"]
[EventDate "2018.??.??"]
[Source "ChessBase"]
[SourceDate "2007.09.04"]

1. e4 e5 2. Nf3 d5 3. exd5 e4 4. Nd4 (4. Qe2) 4... Bc5 5. Nb3 Bd6 6. Nc3 f5 7.
d3 Nf6 8. Bg5 Be5 9. dxe4 Bxc3+ 10. bxc3 fxe4 11. Bc4 Nbd7 12. Nd4 Ne5 13. Bb5+
Kf7 14. Ba4 Bg4 15. Qd2 h6 16. Bxf6 Qxf6 17. Bb3 Ke7 18. Qe3 Qg6 19. h3 Bd7 20.
O-O Rae8 21. Rfe1 (21. Ne6) 21... Kd8 22. Qxe4 Qf6 23. Ne6+ Bxe6 24. dxe6 Nc6
25. Rad1+ Kc8 26. Rd3 Nd8 27. Qa4 Kb8 28. Qd7 a6 29. Ree3 Re7 30. Qd4 Qg5 31.
Re5 Nxe6 32. Rxe6 Ree8 33. Re7 Rxe7 34. Re3 1-0

[Event "Mechanics' Winter TNM; G/2 d5"]
[Site "San Francisco"]
[Date "2018.01.23"]
[Round "3.41"]
[White "Lilles, Alex Pierre"]
[Black "Azimadeh, Farhad"]
[Result "0-1"]
[WhiteElo "1591"]
[BlackElo "1596"]
[Annotator "Donaldson"]
[PlyCount "92"]
[EventDate "2018.??.??"]
[Source "ChessBase"]
[SourceDate "2007.09.04"]

1. d4 d6 2. c4 e6 3. e4 b6 4. Nc3 Bb7 5. Nf3 g6 6. Bd3 Bg7 7. O-O Nf6 8. Bg5
Qc8 9. Re1 O-O 10. b4 Nc6 11. b5 Nb8 12. Qd2 Nbd7 13. a4 a5 14. Qf4 e5 15. dxe5
Nh5 16. Qd2 Nxe5 17. Nxe5 Bxe5 18. Rad1 c6 19. Be2 Ng7 20. Bh6 Re8 21. f4 Bf6
22. Bf3 Ne6 23. Kh1 Nd4 24. Re3 Nxf3 25. Rxf3 Qe6 26. bxc6 Bxc6 27. Nd5 Bxd5
28. exd5 Qe4 29. Rdf1 Qf5 30. Rb3 Rab8 31. h3 Qe4 32. Rfb1 Bd4 33. f5 f6 34.
fxg6 hxg6 35. Bf4 Bc5 36. Rf1 Kf7 37. Rbf3 f5 38. Bg3 Rh8 39. Re1 {Diagram [#]}
Qxc4 $2 (39... Rxh3+ $1 40. Bh2 Rxf3 41. Rxe4 Rf1+ 42. Bg1 Rh8+) 40. Qg5 Rbe8
41. Re6 Rxe6 42. dxe6+ Qxe6 43. Bh4 Qe5 44. Rf1 Be3 45. Bg3 Qe4 46. Bf4 Rxh3+
0-1

[Event "Mechanics' Winter TNM; G/2 d5"]
[Site "San Francisco"]
[Date "2018.02.27"]
[Round "8.29"]
[White "Lilles, Alex Pierre"]
[Black "Marcus, Joel"]
[Result "1-0"]
[WhiteElo "1591"]
[BlackElo "1914"]
[PlyCount "79"]
[EventDate "2018.??.??"]
[Source "ChessBase"]
[SourceDate "2007.09.04"]

1. e4 d6 2. d4 Nf6 3. Bd3 Nbd7 4. c4 e5 5. d5 Be7 6. Nc3 Nc5 7. Bc2 a5 8. h3
O-O 9. Nf3 c6 10. Be3 Qc7 11. O-O Re8 12. Qd2 Bf8 13. Rfd1 Bd7 14. Bg5 Rab8 15.
a3 Rbd8 16. Bxf6 gxf6 17. Nh4 Qb6 18. Ne2 Nb3 19. Bxb3 Qxb3 20. Rac1 cxd5 21.
Rc3 Qa4 22. b3 Qxa3 23. Ng3 dxe4 24. Nxe4 Bg7 25. Rg3 Kh8 26. Qe2 d5 27. cxd5
Qe7 28. Qh5 Rg8 29. Rdd3 Bc8 30. d6 Qe6 31. Rdf3 Rxd6 32. Nxd6 Qxd6 33. Qxf7
Be6 34. Qh5 e4 35. Rc3 h6 36. Rg6 Rc8 37. Rcg3 Rc7 38. Rxh6+ Bxh6 39. Qxh6+ Rh7
40. Ng6+ 1-0

[Event "Mechanics' Spring TNM; G/2 d5"]
[Site "San Francisco"]
[Date "2018.04.17"]
[Round "5.18"]
[White "Lilles, Alex Pierre"]
[Black "Maser, Thomas F"]
[Result "0-1"]
[WhiteElo "1641"]
[BlackElo "1931"]
[PlyCount "86"]
[EventDate "2018.??.??"]
[Source "ChessBase"]
[SourceDate "2007.09.04"]

1. e4 e5 2. Nf3 Nc6 3. Bb5 a6 4. Ba4 d6 5. h3 Bd7 6. c3 Nf6 7. d3 g6 8. Bg5 Bg7
9. O-O O-O 10. Re1 h6 11. Be3 Qe8 12. Nbd2 Kh7 13. Nf1 Nh5 14. Qd2 f5 15. exf5
gxf5 16. Qd1 Bf6 17. g3 Rg8 18. Kh2 Qg6 19. Bc2 Rae8 20. N1d2 f4 21. d4 Bf5 22.
Bxf5 Qxf5 23. g4 Qg6 24. Rg1 Ng7 25. dxe5 dxe5 26. Bc5 b6 27. Ba3 e4 28. Ne1 f3
29. Nc4 Bh4 30. Qc2 Bg5 31. b3 Bf4+ 32. Kh1 b5 33. Nd2 Bxd2 34. Qxd2 Qf6 35.
Nc2 Qh4 36. Kh2 Ne5 37. Ne1 Ne6 38. Bc1 Ng5 39. Rg3 Nxg4+ 40. Rxg4 Qxh3+ 41.
Kg1 Qxg4+ 42. Kh2 Qh4+ 43. Kg1 Ne6+ 0-1

[Event "Mechanics' Winter TNM; G/2 d5"]
[Site "San Francisco"]
[Date "2018.02.20"]
[Round "7.29"]
[White "Lilles, Alex Pierre"]
[Black "Morgan, Jerry D"]
[Result "0-1"]
[WhiteElo "1591"]
[BlackElo "1449"]
[PlyCount "88"]
[EventDate "2018.??.??"]
[Source "ChessBase"]
[SourceDate "2007.09.04"]

1. e4 Nf6 2. e5 Nd5 3. c4 Nb6 4. d4 d6 5. exd6 exd6 6. Nf3 Bg4 7. h3 Bh5 8. d5
N8d7 9. g4 Bg6 10. Nbd2 Be7 11. Be2 O-O 12. Nf1 Nc5 13. Ng3 Bh4 14. O-O Bxg3
15. fxg3 Ne4 16. Kh2 Qf6 17. Bd3 Rae8 18. Rb1 Nd7 19. Bf4 Ndc5 20. Bc2 a5 21.
a3 h5 22. g5 Qd8 23. Nh4 Qd7 24. Nxg6 fxg6 25. Bxe4 Nxe4 26. Qd4 b6 27. Rbe1
Nc5 28. b4 Na6 29. bxa5 bxa5 30. Qd3 Rxe1 31. Rxe1 Re8 32. Rxe8+ Qxe8 33. Be3
Kh7 34. Kg2 Qe5 35. h4 Qf5 36. Qxf5 gxf5 37. Kf3 g6 38. Bd4 Kg8 39. Bf6 Kf7 40.
Bd8 Ke8 41. Bf6 Kd7 42. Bc3 a4 43. Bb4 $4 Nxb4 44. axb4 a3 0-1

[Event "Mechanics' Spring TNM; G/2 d5"]
[Site "San Francisco"]
[Date "2018.04.03"]
[Round "3.13"]
[White "Lilles, Alex Pierre"]
[Black "Pryor, Jamieson"]
[Result "0-1"]
[WhiteElo "1641"]
[BlackElo "1984"]
[PlyCount "89"]
[EventDate "2018.??.??"]
[Source "ChessBase"]
[SourceDate "2007.09.04"]

1. e4 c5 2. Nf3 d6 3. d4 cxd4 4. Nxd4 Nf6 5. Nc3 a6 6. Be3 e6 7. Bd3 Be7 8. O-O
Nbd7 9. f4 Qc7 10. a3 b6 11. Qd2 Ng4 12. h3 Nxe3 13. Qxe3 Nf6 14. Rae1 O-O 15.
e5 Nd5 16. Qe4 g6 17. Nxd5 exd5 18. Qxd5 Bb7 19. Qb3 dxe5 20. fxe5 Rad8 21. Nf3
Kg7 22. a4 Bd5 23. c4 Be6 24. Qc3 Rd7 25. b3 Rfd8 26. Be2 Bc5+ 27. Kh1 Bd4 28.
Nxd4 Rxd4 29. Qe3 Qc5 30. Qg5 R8d7 31. Bg4 Bxg4 32. hxg4 Qe7 33. Rf6 h6 34. Qe3
Rxg4 35. Ref1 Qc5 36. Qxc5 bxc5 37. R1f2 Rb7 38. Rxa6 Rxb3 39. Ra7 Rh4+ 40. Kg1
Rb1+ 41. Rf1 Rh1+ 42. Kxh1 Rxf1+ 43. Kh2 Re1 44. Ra5 Rxe5 45. Rb5 {
and Black later won in mutual time pressure. Remaining moves unavailable.} 0-1

[Event "Mechanics' Vartan Bedjanian TNM; G/2 d/"]
[Site "San Francisco"]
[Date "2018.11.07"]
[Round "3.26"]
[White "Lin, Aung Tun"]
[Black "Carron, Joel"]
[Result "1/2-1/2"]
[WhiteElo "1640"]
[BlackElo "1456"]
[PlyCount "58"]
[EventDate "2018.??.??"]
[Source "ChessBase"]
[SourceDate "2007.09.04"]

1. Nf3 Nf6 2. b3 Nc6 3. e3 e5 4. Bb2 e4 5. Ng5 h6 6. Nh3 d5 7. f4 Bc5 8. Nf2 d4
9. exd4 Bxd4 10. Bxd4 Nxd4 11. Be2 O-O 12. O-O Re8 13. Nc3 e3 14. Nd3 Nxe2+ 15.
Nxe2 Bg4 16. h3 Bf5 17. dxe3 Rxe3 18. Qd2 Re7 19. Kh2 Rd7 20. Rf3 Ne4 21. Qb4
b6 22. Ne5 c5 23. Qe1 Rd6 24. Nc4 Nd2 25. Rg3 Nxc4 26. Qc3 Rg6 27. Rxg6 Bxg6
28. Qxc4 Qd2 29. c3 Rd8 1/2-1/2

[Event "Mechanics' Bedjanian TNM; G/2 d/5"]
[Site "San Francisco"]
[Date "2018.10.23"]
[Round "1.35"]
[White "Lin, Aung Tun"]
[Black "Cendejas, Jon Rodo"]
[Result "1-0"]
[WhiteElo "1640"]
[BlackElo "979"]
[PlyCount "57"]
[EventDate "2018.??.??"]
[Source "ChessBase"]
[SourceDate "2007.09.04"]

1. Nf3 Nc6 2. e3 d6 3. Bc4 e5 4. O-O a6 5. c3 d5 6. Bb3 Nf6 7. d4 e4 8. Ne5 Qd6
9. Nxc6 Qxc6 10. Nd2 Bd7 11. f3 Be7 12. c4 exf3 13. cxd5 Nxd5 14. Qxf3 Be6 15.
e4 Nf6 16. Bxe6 Qxe6 17. e5 Nd5 18. Ne4 O-O 19. Bg5 f6 20. exf6 Nxf6 21. Bxf6
Bxf6 22. Nxf6+ Rxf6 23. Qxb7 Raf8 24. Rfe1 Qc4 25. Rad1 Rb6 26. b3 Qc2 27. Qd5+
Kh8 28. Qc5 Qf2+ 29. Kh1 {
The position is equal, but White later won. Remaining moves unavailable.} 1-0

[Event "Mechanics' Bedjanian TNM; G/2 d/5"]
[Site "San Francisco"]
[Date "2018.12.04"]
[Round "7.15"]
[White "Lin, Aung Tun"]
[Black "Drane, Robert"]
[Result "1-0"]
[WhiteElo "1640"]
[BlackElo "1800"]
[PlyCount "73"]
[EventDate "2018.??.??"]
[Source "ChessBase"]
[SourceDate "2007.09.04"]

1. e4 Nf6 2. e5 Nd5 3. Bc4 Nb6 4. Bb3 d6 5. Qf3 e6 6. d4 Nc6 7. Qe4 dxe5 8.
dxe5 Nd4 9. c3 Nxb3 10. axb3 Qd5 11. Nd2 Bd7 12. Ngf3 Bc6 13. Qe2 g6 14. c4 Qd7
15. O-O a6 16. Ne4 O-O-O 17. Bg5 Qd3 18. Rad1 Bxe4 19. Rxd3 Rxd3 20. Qxe4 Rd7
21. Be3 Bb4 22. g3 h6 23. Kg2 g5 24. h4 g4 25. Qxg4 Bf8 26. Nd2 Rd3 27. Qe4 Rd7
28. f4 Bb4 29. Rf2 Rhd8 30. Qc2 Rd3 31. Kf3 Bc5 32. Nf1 Bb4 33. Ke4 Be1 34. Re2
Bb4 35. g4 Rd1 36. Ng3 R1d3 37. Qxd3 1-0

[Event "Mechanics' Bedjanian TNM; G/2 d/5"]
[Site "San Francisco"]
[Date "2018.11.20"]
[Round "5.29"]
[White "Lin, Aung Tun"]
[Black "Frank, Robert H"]
[Result "1-0"]
[WhiteElo "1640"]
[BlackElo "1428"]
[PlyCount "67"]
[EventDate "2018.??.??"]
[Source "ChessBase"]
[SourceDate "2007.09.04"]

1. e4 e5 2. Nf3 Nf6 3. Bb5 c6 4. Ba4 Nxe4 5. c4 Qf6 6. Nc3 Nxc3 7. bxc3 e4 8.
Qe2 Be7 9. Qxe4 Qe6 10. Qe3 O-O 11. O-O Qxe3 12. fxe3 d6 13. Ba3 Bf5 14. Rae1
Bd3 15. Rf2 Bxc4 16. e4 Bxa2 17. e5 Be6 18. Nd4 c5 19. Nb5 Nd7 20. exd6 Bd8 21.
d4 Nb6 22. Bc2 cxd4 23. Nxd4 Nc4 24. Bc5 b6 25. Nxe6 fxe6 26. Bxh7+ Kxh7 27.
Rxf8 bxc5 28. Rxe6 Rb8 29. d7 Rb1+ 30. Kf2 Rb2+ 31. Re2 Rxe2+ 32. Kxe2 Bf6 33.
Rxf6 gxf6 34. d8=Q 1-0

[Event "Mechanics' Bedjanian TNM; G/2 d/5"]
[Site "San Francisco"]
[Date "2018.12.18"]
[Round "9.15"]
[White "Lin, Aung Tun"]
[Black "Thet, Lyn Aung"]
[Result "0-1"]
[WhiteElo "1640"]
[BlackElo "1729"]
[PlyCount "58"]
[EventDate "2018.??.??"]
[Source "ChessBase"]
[SourceDate "2007.09.04"]

1. Nf3 Nf6 2. e3 c5 3. b3 g6 4. Bb2 Bg7 5. Bc4 O-O 6. O-O d5 7. Be2 Nc6 8. Ne5
Qc7 9. Nxc6 bxc6 10. f4 Rd8 11. Be5 Qb6 12. Nc3 d4 13. Na4 Qa5 14. exd4 cxd4
15. Bf3 Ba6 16. c4 Rac8 17. Rb1 c5 18. a3 Rd7 19. b4 cxb4 20. axb4 Qd8 21. Nc5
Bxc4 22. d3 Bb5 23. Nxd7 Qxd7 24. Rc1 Rxc1 25. Qxc1 Bxd3 26. Bc6 Qf5 27. Re1
Ng4 28. Qc5 Bxe5 29. h3 Qxf4 0-1

[Event "Mechanics' Summer TNM; G/2 d5"]
[Site "San Francisco"]
[Date "2018.06.26"]
[Round "5.5"]
[White "Lope, Greg"]
[Black "Clemens, Kristian"]
[Result "0-1"]
[WhiteElo "2095"]
[BlackElo "1963"]
[PlyCount "90"]
[EventDate "2018.??.??"]
[Source "ChessBase"]
[SourceDate "2007.09.04"]

1. d4 d5 2. Bf4 Nf6 3. e3 c5 4. c3 Nc6 5. Bd3 Bg4 6. Nf3 e6 7. O-O Bd6 8. h3
Bh5 9. dxc5 Bxc5 10. b4 Bd6 11. b5 Nb8 12. Be2 O-O 13. c4 Bxf4 14. exf4 dxc4
15. g4 Bg6 16. Bxc4 Qc7 17. Ne5 Nbd7 18. Qe2 Rac8 19. Nd2 Nb6 20. Bb3 Nbd5 21.
Rac1 Qe7 22. Qf3 Qb4 23. Nec4 Rcd8 24. Rfd1 Qxb5 25. Ne5 Qb4 26. Nxg6 hxg6 27.
Nc4 Qe7 28. Ne5 Nb6 29. Re1 Nfd5 30. g5 Rc8 31. Rcd1 Rc3 32. Qg4 Qb4 33. Nxg6
fxg6 34. Qxe6+ Kh7 35. Re4 Qc5 36. f5 Rg3+ 37. Kh1 Rxh3+ 38. Kg2 Rh2+ 39. Kxh2
Qxf2+ 40. Kh1 Qf3+ 41. Kg1 Qg3+ 42. Kh1 Qh3+ 43. Kg1 Rxf5 44. Re2 Rxg5+ 45. Kf2
Qg3+ 0-1

[Event "Mechanics' Summer TNM; G/2 d/5"]
[Site "San Francisco"]
[Date "2018.06.19"]
[Round "4.30"]
[White "Lucas, Jermorio"]
[Black "Agdamag, Samuel"]
[Result "0-1"]
[WhiteElo "1239"]
[BlackElo "1392"]
[PlyCount "78"]
[EventDate "2018.??.??"]
[Source "ChessBase"]
[SourceDate "2007.09.04"]

1. d4 Nf6 2. Nc3 d5 3. Bf4 Bf5 4. Nf3 e6 5. a3 Bd6 6. Be5 Nc6 7. Bxf6 gxf6 8.
Nh4 Bg6 9. Nxg6 hxg6 10. g3 f5 11. Qd3 Qg5 12. f4 Qf6 13. e3 a6 14. Be2 O-O-O
15. b4 Rh6 16. b5 Nb8 17. bxa6 Nxa6 18. Nb5 Qe7 19. Qb3 c5 20. Na7+ Kc7 21.
Bxa6 bxa6 22. Rb1 Kd7 23. Qb7+ Ke8 24. Qxe7+ Bxe7 25. Nc6 Rc8 26. Nxe7 Kxe7 27.
Rb7+ Kf6 28. Rb6 cxd4 29. Rb2 dxe3 30. Ke2 Rc3 31. Rb3 Rxc2+ 32. Kxe3 Rhxh2 33.
Rxh2 Rxh2 34. Rb6 a5 35. Ra6 Rg2 36. Kf3 Rb2 37. Rxa5 Rb3+ 38. Kg2 d4 39. Ra4
d3 0-1